Statistiken für Niederrhein - Quiz

Klicken Sie hier um das Quiz zu spielen!

Allgemein

  • Dieses Quiz wurde 44 mal gespielt
  • Das Durchschnittsergebnis liegt bei 10 aus 20

Antwortstatistiken

HinweisAntwort% Korrekt
Bundesland, in dem der Niederrhein liegt
Nordrhein-Westfalen
100%
Land, an das der Niederrhein grenztNiederlande
95%
Weitere kreisfreie Stadt im Kerngebiet des NiederrheinsKrefeld
68%
In Wesel gebürtiger Philologe, der ein nach ihm benanntes Rechtschreibwörterbuch schufKonrad Duden
66%
Region östlich des Niederrheins, die sich teilweise mit den Gebieten des Niederrheins überschneidetRuhrgebiet
61%
Stadt, die unter anderem für ihren Archäologischen Park bekannt istXanten
61%
Kreise im Kerngebiet des NiederrheinsKreis Kleve
59%
niederrheinische BierspezialitätAlt
56%
Größte Stadt im Kerngebiet des NiederrheinsDuisburg
56%
In dieser Gemeinde findet man den Flughafen NiederrheinWeeze
56%
Fußballverein aus dieser Stadt, der einst in der Bundesliga spielteKFC Uerdingen 05
54%
Kreise im Kerngebiet des NiederrheinsKreis Wesel
54%
Partyschlagersänger, unter anderem bekannt für „Sie liebt den DJ“ und „Egal“Michael Wendler
51%
Schlagersängerin, unter anderem bekannt für "Du hast mich tausendmal belogen"Andrea Berg
49%
Kreisangehörige GroßstadtMoers
49%
Kreise im Kerngebiet des NiederrheinsKreis Viersen
39%
Dieses Festival findet jährlich seit 2015 in der oben gesuchten Gemeinde stattParookaville
37%
Popsänger, unter anderem bekannt für „An guten Tagen“Johannes Oerding
22%
Fluss, der in Erkelenz entspringt, durch Teile des Niederrheins fließt und in der Maas mündetNiers
10%
Typisches Element der niederrheinischen Kulturlandschaft, das sich im Wappen eines Kreises wiederfindetKopfweide
7%

Verteilung der Resultate

Perzentil nach korrekt beantworteten Fragen

Anzahl Personen mit jedem Resultat

Ihre Resultats-Entwicklung

Sie haben dieses Quiz noch nicht gespielt